[Event "Ptuj"]
[Site "Ptuj"]
[Date "1995.??.??"]
[Round "7"]
[White "Brglez, Rado"]
[Black "Topalovic, Zlatko"]
[Result "1-0"]
[WhiteElo "2275"]
[BlackElo "2355"]
[PlyCount "63"]
[EventDate "1995.??.??"]
[Source "www.chesslib.no"]
[SourceDate "2004.05.04"]

1. d4 Nf6 2. c4 c5 3. d5 Ne4 4. Nf3 d6 5. e3 g6 6. Bd3 Nf6 7. Nc3 Bg7 8. h3 O-O 9. O-O Na6 10. e4 Nc7 11. Re1 e5 12. a3 Nh5 13. Bf1 Nf4 14. Kh2 g5 15. g3 Nxh3 16. Bxh3 g4 17. Nh4 gxh3 18. Nf5 Bxf5 19. exf5 Qd7 20. Qh5 f6 21. Re4 Rf7 22. Rg4 b5 23. b3 bxc4 24. bxc4 Rb8 25. Ne4 Ne8 26. Kxh3 Kh8 27. Kg2 Rb3 28. Bd2 Rb8 29. Rh1 Bf8 30. Qg6 Rg7 31. Rxh7+ Kg8 32. Qh5 1-0

[Event "Club Argentino Torre Blanca 45b"]
[Site "?"]
[Date "2001.12.27"]
[Round "1.12"]
[White "Liascovich Lucas"]
[Black "Bulcourf Carlos"]
[Result "1-0"]
[WhiteElo "2338"]
[BlackElo "2288"]
[PlyCount "80"]
[EventDate "2001.??.??"]
[Source "www.chesslib.no"]
[SourceDate "2004.05.04"]

1. d4 Nf6 2. c4 c5 3. d5 Ne4 4. Qd3 Nd6 5. Nc3 g6 6. Nf3 Bg7 7. e4 b5 8. cxb5 a6 9. e5 Nxb5 10. Be2 O-O 11. O-O d6 12. Bf4 Nxc3 13. bxc3 Qc7 14. exd6 exd6 15. Nd2 Nd7 16. Nc4 Ne5 17. Bxe5 Bxe5 18. Nxe5 dxe5 19. d6 Qa7 20. Rad1 Bd7 21. Qe3 Rfe8 22. Bc4 Rad8 23. f4 exf4 24. Qxf4 Be6 25. Rfe1 Qd7 26. Bxa6 Bxa2 27. Rxe8+ Qxe8 28. c4 Bb3 29. Bb5 Qe6 30. Rd5 Qe1+ 31. Qf1 Qe3+ 32. Kh1 Bc2 33. d7 Be4 34. Rd1 f5 35. Re1 Qd2 36. Re2 Qd4 37. Qe1 Kf7 38. h3 h5 39. Rd2 Qc3 40. Kg1 g5 1-0

[Event "Banyoles (open)"]
[Site "?"]
[Date "2004.08.21"]
[Round "6.3"]
[White "Molina Mansilla Ricardo"]
[Black "Bofill Mas Alexandre"]
[Result "1-0"]
[WhiteElo "2243"]
[BlackElo "2383"]
[PlyCount "71"]
[EventDate "2004.??.??"]
[Source "www.chesslib.no"]
[SourceDate "2004.05.04"]

1. d4 Nf6 2. c4 c5 3. d5 Ne4 4. Nd2 Qa5 5. Qc2 Nd6 6. e4 g6 7. a3 Bg7 8. Rb1 Na6 9. Ngf3 O-O 10. Bd3 b5 11. O-O bxc4 12. Nxc4 Nxc4 13. Bxc4 d6 14. Bd2 Qb6 15. Bc3 Rb8 16. Rfe1 Bxc3 17. Qxc3 Nc7 18. Qe3 Kg7 19. h4 h5 20. Ng5 Ba6 21. Bxa6 Qxa6 22. b4 Qb6 23. Qf4 f6 24. Nf3 cxb4 25. Rxb4 Qa5 26. Rc1 Na6 27. Nd4 Nxb4 28. axb4 Qxb4 29. Ne6+ Kf7 30. Qh6 Rfc8 31. Qh7+ Ke8 32. Rxc8+ Rxc8 33. Qxg6+ Kd7 34. Qf5 Rb8 35. Nc5+ Ke8 36. Qg6+ 1-0

[Event "Hamburg Open"]
[Site "Hamburg GER"]
[Date "1984.??.??"]
[Round "4"]
[White "Schneider, Attila"]
[Black "Schroeder, Christoph"]
[Result "1-0"]
[WhiteElo "2415"]
[BlackElo "2205"]
[PlyCount "81"]
[EventDate "1984.07.??"]
[Source "www.chesslib.no"]
[SourceDate "2004.05.04"]

1. d4 Nf6 2. c4 c5 3. d5 Ne4 4. f3 Qa5+ 5. Nd2 Nd6 6. e4 g6 7. Bd3 Bg7 8. Ne2 b5 9. O-O bxc4 10. Nxc4 Nxc4 11. Bxc4 Ba6 12. Bd2 Qb6 13. Bxa6 Nxa6 14. Bc3 O-O 15. f4 Rab8 16. Qd2 Bxc3 17. bxc3 Qb2 18. Qe3 Qc2 19. Rac1 Qxa2 20. f5 Rb2 21. Rce1 d6 22. Rf3 f6 23. fxg6 hxg6 24. Qh6 Kf7 25. Qh7+ Ke8 26. Qxg6+ Kd8 27. Nf4 Nc7 28. Rff1 Qc4 29. Qg7 Re8 30. h4 Qxc3 31. h5 Qd4+ 32. Kh1 f5 33. Qxd4 cxd4 34. Ng6 Rg8 35. Rxf5 Ne8 36. Rf8 Rxf8 37. Nxf8 Nf6 38. h6 d3 39. h7 Nxh7 40. Nxh7 Re2 41. Rd1 1-0

[Event "POL Team Ch"]
[Site "Porabka"]
[Date "1986.??.??"]
[Round "?"]
[White "Twardon, Marian"]
[Black "Lipski, Tadeusz"]
[Result "1/2-1/2"]
[WhiteElo "2345"]
[BlackElo "2275"]
[PlyCount "26"]
[EventDate "1986.??.??"]
[Source "www.chesslib.no"]
[SourceDate "2004.05.04"]

1. d4 Nf6 2. c4 c5 3. d5 Ne4 4. Qc2 f5 5. f3 Nd6 6. e4 e6 7. Nc3 Na6 8. Be3 Qf6 9. Qd2 e5 10. g3 Be7 11. b3 O-O 12. O-O-O f4 13. Bf2 Nf7 1/2-1/2

[Event "BRA Ch"]
[Site "Brasilia BRA"]
[Date "1994.01.??"]
[Round "4"]
[White "Leitao, Rafael"]
[Black "Pelikian, Jefferson"]
[Result "1-0"]
[WhiteElo "2315"]
[BlackElo "2295"]
[PlyCount "109"]
[EventDate "1994.??.??"]
[Source "www.chesslib.no"]
[SourceDate "2004.05.04"]

1. d4 Nf6 2. c4 c5 3. d5 Ne4 4. Qc2 Qa5+ 5. Nd2 Nd6 6. e4 g6 7. Ngf3 Bg7 8. Bd3 e5 9. O-O O-O 10. a3 Na6 11. b4 Qd8 12. Nb3 b6 13. bxc5 bxc5 14. Bb2 Qe7 15. Rae1 f6 16. Nfd2 Nf7 17. g3 d6 18. f4 Bh3 19. Rf2 Bd7 20. Na5 Qe8 21. Qd1 Qd8 22. Bc3 Rb8 23. Nc6 Bxc6 24. dxc6 Qc8 25. f5 Nd8 26. Nf1 Nxc6 27. Ne3 Nc7 28. h4 Nd4 29. Rh2 Qe8 30. fxg6 hxg6 31. h5 Nce6 32. hxg6 Qxg6 33. Nf5 Rb7 34. Kh1 Rfb8 35. Rf1 Bf8 36. Nh4 Qg7 37. Rhf2 Rf7 38. Bxd4 Nxd4 39. Nf5 Qg5 40. Kg2 Ne6 41. Be2 Nd4 42. Bg4 Rh7 43. Nxd4 cxd4 44. Rxf6 Rb2+ 45. R6f2 Qh6 46. Rxb2 Qh2+ 47. Kf3 Rf7+ 48. Bf5 Qxb2 49. Rf2 Qb7 50. Kg2 Qe7 51. Qg4+ Rg7 52. Be6+ Kh8 53. Qh5+ Rh7 54. Qg6 Qg7 55. Qe8 1-0

[Event "Eger"]
[Site "Eger"]
[Date "1997.??.??"]
[Round "9"]
[White "Kiss, Pal"]
[Black "Barna, Andre"]
[Result "1/2-1/2"]
[WhiteElo "2450"]
[BlackElo "2145"]
[PlyCount "34"]
[EventDate "1997.??.??"]
[Source "www.chesslib.no"]
[SourceDate "2004.05.04"]

1. d4 Nf6 2. c4 c5 3. d5 Ne4 4. Qc2 Qa5+ 5. Nd2 f5 6. f3 Nd6 7. e4 fxe4 8. fxe4 g6 9. Ngf3 Bg7 10. Be2 e5 11. O-O Nf7 12. a3 Na6 13. Rb1 Qc7 14. b4 cxb4 15. axb4 Nxb4 16. Qa4 Na6 17. Nb3 O-O 1/2-1/2

[Event "BL2-W9899"]
[Site "Germany"]
[Date "1999.03.07"]
[Round "7.7"]
[White "Berg, Michael"]
[Black "Gallinnis, Norbert"]
[Result "1-0"]
[WhiteElo "2270"]
[BlackElo "2315"]
[PlyCount "75"]
[EventDate "1998.10.??"]
[Source "www.chesslib.no"]
[SourceDate "2004.05.04"]

1. d4 Nf6 2. c4 c5 3. d5 Ne4 4. Qc2 Qa5+ 5. Nc3 Nxc3 6. Bd2 b5 7. cxb5 Qxb5 8. Bxc3 Qb6 9. Nf3 Na6 10. e4 f6 11. Bc4 Nb4 12. Qe2 e5 13. a3 Na6 14. Nh4 g6 15. f4 d6 16. f5 Rg8 17. fxg6 hxg6 18. O-O Be7 19. Bb5+ Kd8 20. Bc4 Nc7 21. Qd2 g5 22. Ba5 Qb7 23. Nf5 Bd7 24. b4 cxb4 25. Rab1 Bxf5 26. Rxb4 Qc8 27. Rxf5 Ke8 28. Qe2 Kf7 29. Rf3 Rb8 30. Rh3 g4 31. Rh7+ Ke8 32. Qe3 Rxb4 33. Bxb4 Qb8 34. Kf2 a6 35. Kg3 Kd7 36. Ba5 Rh8 37. Bxc7 Qxc7 38. Rxh8 1-0

[Event "Sunny Beach BUL, Open 2005"]
[Site "?"]
[Date "2005.09.18"]
[Round "3.11"]
[White "Grigorov Grigor"]
[Black "Milchev Nikolay"]
[Result "1/2-1/2"]
[WhiteElo "2400"]
[BlackElo "2182"]
[PlyCount "115"]
[EventDate "2005.??.??"]
[Source "www.chesslib.no"]
[SourceDate "2004.05.04"]

1. d4 Nf6 2. c4 c5 3. d5 Ne4 4. Nd2 Qa5 5. Qc2 f5 6. a3 Na6 7. Rb1 Nd6 8. e3 g6 9. b4 Qc7 10. b5 Nb8 11. Bb2 Rg8 12. Bc3 Bg7 13. Ngf3 Nf7 14. Bxg7 Rxg7 15. e4 d6 16. exf5 Bxf5 17. Bd3 Bxd3 18. Qxd3 Nd7 19. O-O Kf8 20. Ne4 h6 21. Qc3 Kg8 22. Ng3 Rf8 23. Rbe1 Nfe5 24. Nxe5 Nxe5 25. f4 Ng4 26. h3 Nf6 27. Re6 Rff7 28. Qd3 Qd8 29. Ne4 Nh5 30. Qe3 Qf8 31. Nxd6 Rxf4 32. Re1 b6 33. Ne4 Kh7 34. d6 exd6 35. Re8 Qf7 36. Nxd6 Qf6 37. Qe5 Qxe5 38. R1xe5 Ng3 39. Rd8 h5 40. Re3 Rf1+ 41. Kh2 h4 42. Rxg3 hxg3+ 43. Kxg3 Re7 44. Kg4 Kg7 45. Rc8 Re6 46. Rc7+ Kf8 47. Nc8 Rf7 48. Rxa7 Rxa7 49. Nxa7 Re4+ 50. Kf3 Rxc4 51. Nc8 Rc3+ 52. Ke4 Rxa3 53. Nxb6 Rb3 54. Nd7+ Ke7 55. Nxc5 Rxb5 56. Nd3 Kf6 57. Kf4 Rd5 58. Nf2 1/2-1/2

[Event "BL2-Ost 0102"]
[Site "Germany"]
[Date "2001.11.11"]
[Round "2.4"]
[White "Kunze, Carlo"]
[Black "Weitzer, Steffen"]
[Result "0-1"]
[WhiteElo "2333"]
[BlackElo "2249"]
[PlyCount "80"]
[EventDate "2001.10.07"]
[Source "ChessBase"]
[SourceDate "2002.07.08"]

1. d4 Nf6 2. c4 c5 3. d5 Ne4 4. Qc2 Qa5+ 5. Nc3 Nd6 6. e4 g6 7. Bd2 Bg7 8. Nf3 O-O 9. Be2 e5 10. h4 Na6 11. h5 Qd8 12. Qc1 f6 13. hxg6 hxg6 14. g3 Nc7 15. Be3 b6 16. Kf1 Ba6 17. b3 f5 18. Bh6 Qe7 19. Ng5 f4 20. Bxg7 Qxg7 21. Kg2 Qe7 22. Nh3 Nce8 23. f3 Ng7 24. g4 Nf7 25. Qe1 d6 26. a4 g5 27. Nf2 Nh8 28. Rh6 Rf6 29. Rxf6 Qxf6 30. a5 Ng6 31. Nd3 Ne8 32. axb6 axb6 33. b4 Nc7 34. b5 Bb7 35. Na4 Qh8 36. Nxb6 Nh4+ 37. Kf2 Nf5 38. gxf5 Qh2+ 39. Kf1 Rxa1 40. Qxa1 Qh1+ 0-1

[Event "St Cugat Open"]
[Site "St Cugat"]
[Date "1993.??.??"]
[Round "7"]
[White "Mitkov, Marjan"]
[Black "Jerez Perez, Alfonso"]
[Result "1-0"]
[WhiteElo "2325"]
[BlackElo "2250"]
[PlyCount "65"]
[EventDate "1993.??.??"]
[Source "www.chesslib.no"]
[SourceDate "2004.05.04"]

1. d4 Nf6 2. c4 c5 3. d5 Ne4 4. Nf3 g6 5. Qc2 Qa5+ 6. Nfd2 Nd6 7. b3 Nf5 8. Bb2 Nd4 9. Qc1 Rg8 10. e3 Nf5 11. Bd3 d6 12. O-O Bg7 13. Nf3 Nd7 14. Nbd2 Bxb2 15. Qxb2 Qc7 16. e4 Nh6 17. Ng5 Nf8 18. f4 Bd7 19. e5 O-O-O 20. Nde4 Bf5 21. Rae1 Bxe4 22. Bxe4 e6 23. Qc3 Nf5 24. Bf3 h5 25. a3 Kb8 26. b4 Rc8 27. exd6 Qxd6 28. Nxf7 Qb6 29. Qe5+ Ka8 30. dxe6 cxb4+ 31. Kh1 Re8 32. c5 Qxe6 33. Qc7 1-0

[Event "Ch RLP (b)"]
[Site "Rheinland-Pfalz GER"]
[Date "1991.??.??"]
[Round "9"]
[White "Rutkowski, Ingo"]
[Black "Vegh, Endre"]
[Result "1/2-1/2"]
[WhiteElo "2214"]
[BlackElo "2335"]
[PlyCount "56"]
[EventDate "1991.??.??"]
[Source "www.chesslib.no"]
[SourceDate "2004.05.04"]

1. d4 Nf6 2. c4 c5 3. d5 Ne4 4. Nf3 Qa5+ 5. Nfd2 g6 6. f3 Nd6 7. e4 Bg7 8. Nc3 O-O 9. Be2 Na6 10. O-O f5 11. Nb3 Qd8 12. Bf4 fxe4 13. fxe4 Nf7 14. Qd2 d6 15. Rae1 Nc7 16. Kh1 e6 17. Nc1 Bd7 18. Rd1 exd5 19. exd5 Qh4 20. Ne4 Ne8 21. Ng5 Nxg5 22. Bxg5 Rxf1+ 23. Rxf1 Qe4 24. Rf4 Qb1 25. b3 Be5 26. Rf1 Qe4 27. Nd3 Bf5 28. Nxe5 Qxe5 1/2-1/2

[Event "09.OIBayEM Bad Wiessee op"]
[Site "?"]
[Date "2005.10.31"]
[Round "3"]
[White "Fahnenschmidt Gerhard"]
[Black "Buecker Stefan"]
[Result "0-1"]
[WhiteElo "2198"]
[BlackElo "2349"]
[PlyCount "84"]
[EventDate "2005.??.??"]
[Source "www.chesslib.no"]
[SourceDate "2004.05.04"]

1. d4 Nf6 2. c4 c5 3. d5 Ne4 4. Qc2 Qa5+ 5. Nc3 Nxc3 6. Bd2 e5 7. Bxc3 Qc7 8. g3 d6 9. Bh3 Bxh3 10. Nxh3 Qd7 11. Ng5 h6 12. Ne4 f5 13. Nd2 Qf7 14. f4 e4 15. g4 e3 16. Nf1 fxg4 17. Nxe3 h5 18. Qe4+ Kd8 19. O-O-O Nd7 20. Nf5 Kc7 21. Qe6 Qe8 22. Bxg7 Rh7 23. Qg8 Qg6 24. e4 Rxg7 25. Nxg7 Qxg7 26. Qe6 Nb6 27. e5 Nxc4 28. Rhe1 Rd8 29. Re4 Nb6 30. f5 dxe5 31. f6 Qg5+ 32. Kc2 Bd6 33. f7 g3 34. h4 Qg7 35. Rg1 Qh7 36. Kd3 c4+ 37. Ke3 Rf8 38. Rxg3 Bc5+ 39. Kd2 Qxe4 40. Rg6 Bb4+ 41. Kd1 Qe1+ 42. Kc2 Qd2+ 0-1

[Event "BUL Ch"]
[Site "Bulgaria"]
[Date "1991.??.??"]
[Round "8"]
[White "Pantev, Veselin"]
[Black "Mitev, Georgi"]
[Result "0-1"]
[WhiteElo "2265"]
[BlackElo "2280"]
[PlyCount "90"]
[EventDate "1991.??.??"]
[Source "www.chesslib.no"]
[SourceDate "2004.05.04"]

1. d4 Nf6 2. c4 c5 3. d5 Ne4 4. f3 Qa5+ 5. Nd2 Nd6 6. e4 e5 7. Bd3 Be7 8. Nh3 b5 9. O-O bxc4 10. Nxc4 Nxc4 11. Bxc4 d6 12. Nf2 O-O 13. Bd2 Qb6 14. Rb1 a5 15. Nd3 Nd7 16. Kh1 Bf6 17. a3 Ba6 18. Bxa6 Qxa6 19. Qc2 a4 20. Nf2 Rab8 21. Ng4 Rb3 22. Nxf6+ Nxf6 23. Bc3 Qc4 24. Rbc1 Nh5 25. Qd2 Qa6 26. g3 Qc8 27. Qg2 g6 28. f4 f6 29. Rf2 Rb8 30. Rcf1 Qg4 31. f5 Rb7 32. Rg1 gxf5 33. exf5 Qc4 34. Re1 Rg7 35. Qe4 Rg4 36. Qxc4 Rxc4 37. Kg2 Ng7 38. h3 Ne8 39. Kf3 Nc7 40. Rd2 Nb5 41. Re4 Nxa3 42. bxa3 Rxc3+ 43. Kg2 Rxa3 44. Rb2 Rb3 45. Ra2 a3 0-1

[Event "Foment Open"]
[Site "Barcelona ESP"]
[Date "1992.??.??"]
[Round "?"]
[White "Aoiz Linares, Jose Javier"]
[Black "Ramirez, Alejandro"]
[Result "1/2-1/2"]
[WhiteElo "2315"]
[BlackElo "2225"]
[PlyCount "49"]
[EventDate "1992.??.??"]
[Source "www.chesslib.no"]
[SourceDate "2004.05.04"]

1. d4 Nf6 2. c4 c5 3. d5 Ne4 4. Qc2 Qa5+ 5. Nd2 Nd6 6. b3 f5 7. f3 e6 8. e4 Be7 9. Bb2 O-O 10. Bd3 fxe4 11. fxe4 Bh4+ 12. g3 Bg5 13. Bc3 Bxd2+ 14. Qxd2 Qd8 15. Nh3 Qe7 16. Qg5 Qxg5 17. Nxg5 h6 18. Nh3 Nf7 19. e5 d6 20. dxe6 Nxe5 21. Be4 Nbc6 22. O-O-O Bxe6 23. Nf4 Bf5 24. Bxf5 Rxf5 25. Rxd6 1/2-1/2

[Event "BEL-chT9900"]
[Site "Antwerp"]
[Date "2000.01.23"]
[Round "8"]
[White "Defize, Alain"]
[Black "Penson, Thierry"]
[Result "1/2-1/2"]
[WhiteElo "2272"]
[BlackElo "2262"]
[PlyCount "37"]
[EventDate "1999.10.08"]
[Source "www.chesslib.no"]
[SourceDate "2004.05.04"]

1. d4 Nf6 2. c4 c5 3. d5 Ne4 4. f3 Qa5+ 5. Nd2 Nd6 6. e4 g6 7. Bd3 Bg7 8. Ne2 b5 9. O-O bxc4 10. Nxc4 Nxc4 11. Bxc4 Qb6 12. Be3 d6 13. Rb1 a5 14. a3 a4 15. Qd3 O-O 16. b4 axb3 17. Rxb3 Qa7 18. Rfb1 Nd7 19. f4 1/2-1/2

[Event "Groningen op"]
[Site "Groningen"]
[Date "1998.12.20"]
[Round "1"]
[White "Van Kooten, Luuk"]
[Black "Markus, John Raymond"]
[Result "1-0"]
[WhiteElo "2355"]
[BlackElo "2170"]
[PlyCount "97"]
[EventDate "1998.12.??"]
[Source "www.chesslib.no"]
[SourceDate "2004.05.04"]

1. d4 Nf6 2. c4 c5 3. d5 Ne4 4. Qc2 Qa5+ 5. Nd2 Nd6 6. e4 g6 7. Bd3 Na6 8. a3 Bg7 9. Rb1 b5 10. cxb5 Nxb5 11. Ne2 O-O 12. O-O Rb8 13. Nc4 Qc7 14. Bf4 d6 15. Bd2 Bd7 16. Rfc1 Qc8 17. Na5 f5 18. exf5 Bxf5 19. Nc6 Rb7 20. Be3 Nb8 21. a4 Nd4 22. Ncxd4 cxd4 23. Qxc8 Rxc8 24. Rxc8+ Bxc8 25. Nxd4 Rb4 26. Rc1 Bd7 27. Nc6 Rxb2 28. Bb5 Nxc6 29. dxc6 Bc8 30. Bxa7 e5 31. Bc4+ Kf8 32. a5 Ke7 33. Bb6 Bh6 34. Ra1 Rc2 35. Bd5 Ba6 36. Rb1 Bd2 37. h4 Rc1+ 38. Rxc1 Bxc1 39. f3 Bd2 40. Kf2 Bb4 41. Ke3 Be1 42. h5 gxh5 43. Bg8 h6 44. Ke4 h4 45. Bh7 Bc3 46. Bf5 Kf6 47. Bd8+ Kf7 48. Kd5 Bb4 49. Bb6 1-0

[Event "BL2-W 9293"]
[Site "GER"]
[Date "1993.??.??"]
[Round "?"]
[White "Bode, Ulf"]
[Black "Gallinnis, Norbert"]
[Result "0-1"]
[WhiteElo "2255"]
[BlackElo "2265"]
[PlyCount "78"]
[EventDate "1992.10.??"]
[Source "www.chesslib.no"]
[SourceDate "2004.05.04"]

1. d4 Nf6 2. c4 c5 3. d5 Ne4 4. Qd3 Qa5+ 5. Nd2 Nd6 6. Ngf3 g6 7. b4 Qxb4 8. Rb1 Qa5 9. Bb2 Rg8 10. Bc3 Qc7 11. e4 f6 12. Qe3 Nf7 13. Be2 Bh6 14. Qd3 d6 15. Bd1 Nd7 16. Ba4 Kf8 17. Nh4 Nde5 18. Qe2 a6 19. O-O b5 20. cxb5 axb5 21. Bxb5 Rxa2 22. Ra1 Rxa1 23. Rxa1 e6 24. g3 exd5 25. exd5 Bxd2 26. Bxd2 g5 27. f4 gxh4 28. fxe5 dxe5 29. Qf2 hxg3 30. hxg3 Rg6 31. Bd3 f5 32. Bxf5 Bxf5 33. Qxf5 Rxg3+ 34. Kf2 Rg6 35. Ke2 Qb7 36. Rf1 Qxd5 37. Bc3 Qc4+ 38. Kd2 Rg2+ 39. Kd1 Qb3+ 0-1

[Event "Double Round IM, Singapore SIN"]
[Site "?"]
[Date "1997.??.??"]
[Round "?"]
[White "Lee, W."]
[Black "Suradiradja, H."]
[Result "1/2-1/2"]
[WhiteElo "2280"]
[BlackElo "2240"]
[PlyCount "81"]
[EventDate "1997.??.??"]
[Source "www.chesslib.no"]
[SourceDate "2004.05.04"]

1. d4 Nf6 2. c4 c5 3. d5 Ne4 4. Nd2 Qa5 5. Qc2 Nd6 6. b3 e5 7. Bb2 f6 8. e4 Nf7 9. Bd3 g6 10. Ne2 Bh6 11. Bc3 Qd8 12. O-O d6 13. Rab1 O-O 14. a3 Qe7 15. b4 b6 16. bxc5 bxc5 17. Nb3 Nd8 18. Bd2 Bxd2 19. Qxd2 Nd7 20. Na5 Nb6 21. Nc3 Bd7 22. Bc2 Kg7 23. Rb2 Nb7 24. Nc6 Qe8 25. Qe2 Bxc6 26. dxc6 Na5 27. Rxb6 axb6 28. c7 Qf7 29. Nd5 Ra7 30. Ba4 Rxc7 31. Nxc7 Qxc7 32. Rd1 Nc6 33. Bxc6 Qxc6 34. Qd3 Ra8 35. f3 g5 36. Rd2 Kf7 37. Kf2 Ke7 38. Ke2 Ra5 39. Rb2 Ra6 40. Rd2 Ra5 41. Rb2 1/2-1/2

[Event "It Open"]
[Site "?"]
[Date "2005.04.23"]
[Round "8"]
[White "Birens Eric-Andre"]
[Black "Collas Silvia"]
[Result "0-1"]
[WhiteElo "2122"]
[BlackElo "2381"]
[PlyCount "59"]
[EventDate "2005.??.??"]
[Source "www.chesslib.no"]
[SourceDate "2004.05.04"]

1. d4 Nf6 2. c4 c5 3. d5 Ne4 4. Qc2 Qa5+ 5. Nc3 Nxc3 6. Bd2 e5 7. Bxc3 Qc7 8. e4 d6 9. f4 exf4 10. Nf3 Bg4 11. e5 Bxf3 12. exd6 Bxd6 13. gxf3 Qe7+ 14. Be2 f6 15. O-O-O Nd7 16. Rde1 Ne5 17. Kb1 O-O-O 18. h4 Kb8 19. h5 Qc7 20. Qa4 g5 21. hxg6 hxg6 22. Ba5 b6 23. Bd2 g5 24. Qc2 Qd7 25. b3 Rh3 26. a4 Rdh8 27. Rhf1 Rh2 28. a5 Rg2 29. axb6 axb6 30. Bc3 0-1

[Event "It Open"]
[Site "Koblenz GER"]
[Date "1990.??.??"]
[Round "5"]
[White "Weigel, Herbert"]
[Black "Richter Goetz"]
[Result "1-0"]
[WhiteElo "2290"]
[BlackElo "2205"]
[PlyCount "35"]
[EventDate "1990.??.??"]
[Source "www.chesslib.no"]
[SourceDate "2004.05.04"]

1. d4 Nf6 2. c4 c5 3. d5 Ne4 4. Qc2 Qa5+ 5. Nd2 f5 6. f3 Nd6 7. b3 e6 8. e4 fxe4 9. fxe4 Be7 10. Bb2 O-O 11. Ngf3 Na6 12. a3 Nf7 13. Bd3 exd5 14. exd5 Ng5 15. O-O Nxf3+ 16. Nxf3 Qb6 17. Bxh7+ Kh8 18. Ne5 1-0

[Event "Midwest Masters-B"]
[Site "Chicago"]
[Date "1984.??.??"]
[Round "2"]
[White "Chachere, Lawrence"]
[Black "Myers, Hugh Edward"]
[Result "1-0"]
[WhiteElo "2265"]
[BlackElo "2210"]
[PlyCount "89"]
[EventDate "1984.??.??"]
[Source "www.chesslib.no"]
[SourceDate "2004.05.04"]

1. d4 Nf6 2. c4 c5 3. d5 Ne4 4. Qc2 Qa5+ 5. Nc3 Nxc3 6. Bd2 e5 7. Bxc3 Qc7 8. e3 d6 9. f4 f5 10. fxe5 dxe5 11. Nf3 Bd6 12. Be2 O-O 13. Nh4 Qe7 14. g3 g5 15. Nf3 Na6 16. a3 Bd7 17. O-O-O Rab8 18. e4 Nc7 19. exf5 Rxf5 20. h4 g4 21. Ng5 Rff8 22. Bd3 h6 23. Ne4 b5 24. Rde1 b4 25. Bd2 bxa3 26. bxa3 Nxd5 27. Nxd6 Qxd6 28. cxd5 c4 29. Bh7+ Kh8 30. Bb4 Rxb4 31. axb4 Qxb4 32. Bg6 Rf3 33. Qb2 Rb3 34. Qxe5+ Kg8 35. Re2 Qa3+ 36. Kd1 c3 37. Qe7 Qa1+ 38. Kc2 Qb2+ 39. Kd1 Qa1+ 40. Kc2 Qa2+ 41. Kd3 Qa6+ 42. Kd4 Qb6+ 43. Ke5 Qb8+ 44. Kf6 Rb6+ 45. Re6 1-0

[Event "olm12 corr9198"]
[Site "?"]
[Date "1991.??.??"]
[Round "?"]
[White "Dunne/Morris"]
[Black "Liardet, Fabrice"]
[Result "0-1"]
[WhiteElo "2200"]
[BlackElo "2255"]
[PlyCount "48"]
[EventDate "1991.??.??"]
[Source "www.chesslib.no"]
[SourceDate "2004.05.04"]

1. d4 Nf6 2. c4 c5 3. d5 Ne4 4. Qd3 Qa5+ 5. Nc3 Nxc3 6. Bd2 e5 7. Bxc3 Qc7 8. f4 d6 9. O-O-O f6 10. g3 g6 11. Bh3 Bh6 12. e3 b5 13. Bxc8 Qxc8 14. Nf3 O-O 15. Nh4 Nd7 16. Kb1 Nb6 17. cxb5 a6 18. bxa6 c4 19. Qc2 Qxa6 20. a3 Rfb8 21. Kc1 Qb5 22. Bb4 Nxd5 23. Rxd5 Qxd5 24. Rd1 Qf7 0-1

[Event "Oberliga Ost-A 0001"]
[Site "?"]
[Date "2000.10.15"]
[Round "1.5"]
[White "Kunze Carlo"]
[Black "Merker Matthias"]
[Result "1-0"]
[WhiteElo "2325"]
[BlackElo "2119"]
[PlyCount "83"]
[EventDate "2000.??.??"]
[Source "www.chesslib.no"]
[SourceDate "2004.05.04"]

1. d4 Nf6 2. c4 c5 3. d5 Ne4 4. Qd3 Qa5+ 5. Nc3 Nxc3 6. Bd2 b5 7. Bxc3 b4 8. Bd2 g6 9. e4 Bg7 10. Qc2 O-O 11. Bd3 e6 12. Ne2 exd5 13. exd5 d6 14. O-O Nd7 15. a3 Qb6 16. axb4 cxb4 17. Be3 Nc5 18. Nd4 Bd7 19. Rfd1 Rfe8 20. Be2 a5 21. h4 a4 22. h5 Rac8 23. Bf3 Nb3 24. Nxb3 Rxe3 25. fxe3 Qxe3+ 26. Kf1 Bf5 27. Qe2 Qxb3 28. h6 Be5 29. g4 Bc2 30. Rd2 Rxc4 31. Rxa4 f5 32. Ra8+ Kf7 33. g5 Be4 34. Ra7+ Kf8 35. Ra8+ Ke7 36. Ra7+ Kd8 37. Ra8+ Kc7 38. Bxe4 Rxe4 39. Rc2+ Bc3 40. Qd3 Rd4 41. Qxd4 Qxc2 42. Qa7# 1-0

[Event "Paris FRA ch Op-Fide"]
[Site "Paris"]
[Date "1994.??.??"]
[Round "6"]
[White "Lacrosse, M."]
[Black "Picarda, L."]
[Result "1/2-1/2"]
[WhiteElo "2255"]
[BlackElo "2180"]
[PlyCount "158"]
[EventDate "1994.??.??"]
[Source "www.chesslib.no"]
[SourceDate "2004.05.04"]

1. d4 Nf6 2. c4 c5 3. d5 Ne4 4. Nf3 g6 5. Qc2 Qa5+ 6. Nfd2 f5 7. b3 Bg7 8. Bb2 Bxb2 9. Qxb2 O-O 10. h4 Qa6 11. Nxe4 fxe4 12. e3 Qf6 13. Qxf6 exf6 14. Nc3 f5 15. Nb5 a5 16. Be2 Ra6 17. g3 d6 18. Kd2 Bd7 19. Nc3 Rb6 20. Rhb1 Na6 21. Na4 Bxa4 22. bxa4 Rxb1 23. Rxb1 Rf7 24. Rb5 Kf8 25. Rxa5 Ke8 26. Rb5 Kd8 27. a3 Kc7 28. Rb1 Nb8 29. f3 exf3 30. Bxf3 Nd7 31. Be2 Re7 32. Rf1 h5 33. Rf4 Nf6 34. Rf3 Kb6 35. Kd3 Ka5 36. Bd1 Re5 37. Rf2 Re4 38. Bf3 Re7 39. Bd1 Ne4 40. Rg2 Nf6 41. Rb2 Ka6 42. Rf2 Nd7 43. Rf4 Ne5+ 44. Kc3 Nd7 45. Kd3 Nf6 46. Rf2 Ka5 47. Rb2 Ka6 48. Rf2 Re4 49. Bf3 Ng4 50. Bxg4 Rxg4 51. Rb2 b6 52. Rb5 Rxg3 53. a5 bxa5 54. Rb8 f4 55. Rd8 Rxe3+ 56. Kd2 Re4 57. Rxd6+ Kb7 58. Kd3 Rd4+ 59. Kc3 f3 60. Rf6 Rxh4 61. Rxf3 g5 62. Rf7+ Kc8 63. Kb3 Rf4 64. Rh7 h4 65. Ka4 h3 66. Rxh3 Rxc4+ 67. Kb5 Rh4 68. Rg3 Kd7 69. Kxc5 Rh1 70. Rxg5 Rc1+ 71. Kb5 Kd6 72. Kxa5 Rb1 73. a4 Kc5 74. Ka6 Rb8 75. a5 Rb1 76. Ka7 Rf1 77. Rg8 Kxd5 78. a6 Kc6 79. Rc8+ Kb5 1/2-1/2

[Event "26. Open"]
[Site "?"]
[Date "2003.07.22"]
[Round "8"]
[White "Goormachtigh Johan"]
[Black "Niermann Rainer"]
[Result "1/2-1/2"]
[WhiteElo "2282"]
[BlackElo "2144"]
[PlyCount "122"]
[EventDate "2003.??.??"]
[Source "www.chesslib.no"]
[SourceDate "2004.05.04"]

1. d4 Nf6 2. c4 c5 3. d5 Ne4 4. Qc2 Qa5+ 5. Nc3 Nxc3 6. Bd2 e5 7. Bxc3 Qc7 8. f4 d6 9. Nf3 f6 10. e3 g6 11. Bd3 Bg7 12. f5 g5 13. h4 g4 14. Nd2 h5 15. Ne4 Bd7 16. O-O Ke7 17. b4 Bh6 18. Bd2 Na6 19. a3 Rac8 20. Rab1 b6 21. Rb2 Be8 22. Rfb1 Qd7 23. Qb3 Bf7 24. b5 Nc7 25. Ng3 Ra8 26. a4 Qc8 27. a5 Qb7 28. Be4 Rhg8 29. Ra1 Rh8 30. Ra4 Rhg8 31. Rba2 Rgc8 32. R2a3 Rg8 33. Qa2 Kd7 34. Bd3 Bg7 35. e4 Rh8 36. Qa1 Rhe8 37. Kf2 Reb8 38. Be2 Qc8 39. axb6 axb6 40. Rxa8 Rxa8 41. Rxa8 Qxa8 42. Qxa8 Nxa8 43. Nxh5 Bxh5 44. Kg3 Ke7 45. Bxg4 Be8 46. Be2 Kf8 47. Kh3 Kg8 48. g4 Kh7 49. g5 Nc7 50. Kg4 Bd7 51. g6+ Kg8 52. h5 Ne8 53. h6 Bf8 54. Kh4 Bc8 55. Bh5 Bd7 56. Bd1 Nc7 57. Ba4 Be8 58. Kh5 Kh8 59. Kg4 Kg8 60. Kh4 Bd7 61. Be3 Be8 1/2-1/2